Premarital prediction of marital quality or breakup (Record no. 67088)
[ view plain ]
| 000 -LEADER | |
|---|---|
| fixed length control field | 01412nam a2200325 a 4500 |
| 082 04 - DEWEY DECIMAL CLASSIFICATION NUMBER | |
| Classification number | 306.82 |
| 100 1# - MAIN ENTRY--AUTHOR NAME | |
| Personal name | Holman, Thomas. |
| 245 10 - TITLE STATEMENT | |
| Title | Premarital prediction of marital quality or breakup |
| 260 ## - PUBLICATION, DISTRIBUTION, ETC. (IMPRINT) | |
| Place of publication | New York : |
| Name of publisher | Kluwer Academic/Plenum Publishers, |
| Year of publication | c2002. |
| 300 ## - PHYSICAL DESCRIPTION | |
| Number of Pages | xvii, 328 p. : |
| Other physical details | ill. |
| 490 1# - SERIES STATEMENT | |
| Series statement | Longitudinal research in the social and behavioral sciences |
| 650 #0 - SUBJECT ADDED ENTRY--TOPICAL TERM | |
| Topical Term | Mate selection. |
| Topical Term | Marriage. |
| Topical Term | Marriage compatibility tests. |
| 856 40 - ELECTRONIC LOCATION AND ACCESS | |
| Uniform Resource Identifier | http://site.ebrary.com/lib/rucke/Doc?id=10051646 |
No items available.
